000 00442nam a22001697a 4500
005 20251108164223.0
008 250721s9999 xx 000 0 ara d
082 1 4 _a617.7/محم
100 1 _aمصطفى، محمود
245 1 0 _aأسرار العيون /
264 1 _aبيروت :
_bمنشورات اقرأ،
300 _a157ص
490 0 _aالمكتبة الطبية
650 1 7 _aالعين
942 _2ddc
_cBK
999 _c6713
_d6713